00649nam a2200169 a 450000100100000000500170001000800410002704000250006808200160009311000270010924000170013624500270015325000160018026000710019630000200026750001920028700003272820200930065810.0100222s1925 dr 001 0 spa d aDO-SdBNPbspacBNPHU axxxxbR426l1 aRepública Dominicana13a[Leyes etc.]10aLey electoral no. 386. aed. oficial aSanto Domingo :bImprenta de J. R. Vda García, Sucerores,c1925. a12 p. ;c23 cm. aDe fecha 10 de abril 1926, publicada en la Gaceta Oficial No. 3741, con las modificaciones votadas por el Congreso Nacional en las leyes Nos. 399, 1134, 1239, 1247, 34, 1362, 1403 y 1452.